India, the next decade / (Record no. 1344)

MARC details
000 -LEADER
fixed length control field 01407cam a2200373 a 4500
001 - CONTROL NUMBER
control field 14688862
003 - CONTROL NUMBER IDENTIFIER
control field OSt
005 - DATE AND TIME OF LATEST TRANSACTION
control field 20230619143454.0
008 - FIXED-LENGTH DATA ELEMENTS--GENERAL INFORMATION
fixed length control field 061007s2006 ii a b 101 0 eng
010 ## - LIBRARY OF CONGRESS CONTROL NUMBER
LC control number 2007343172
020 ## - INTERNATIONAL STANDARD BOOK NUMBER
International Standard Book Number 9788171885640
020 ## - INTERNATIONAL STANDARD BOOK NUMBER
International Standard Book Number 8171885640
025 ## - OVERSEAS ACQUISITION NUMBER
Overseas acquisition number I-E-2007-343172; 79-92
035 ## - SYSTEM CONTROL NUMBER
System control number (IN-NdUBS)UBS06002529
037 ## - SOURCE OF ACQUISITION
Source of stock number/acquisition Library of Congress -- New Delhi Overseas Office
Terms of availability Rs1295.00
040 ## - CATALOGING SOURCE
Original cataloging agency DLC
Transcribing agency DLC
Modifying agency DLC
042 ## - AUTHENTICATION CODE
Authentication code lcode
043 ## - GEOGRAPHIC AREA CODE
Geographic area code a-ii---
082 ## - DEWEY DECIMAL CLASSIFICATION NUMBER
Classification number 303.49
Item number MAL
111 2# - MAIN ENTRY--MEETING NAME
Meeting name or jurisdiction name as entry element Indira Gandhi Conference
Number of part/section/meeting (9th :
Date of meeting 2004 :
Location of meeting New Delhi, India)
245 10 - TITLE STATEMENT
Title India, the next decade /
Statement of responsibility, etc. edited by Manmohan Malhoutra.
260 ## - PUBLICATION, DISTRIBUTION, ETC. (IMPRINT)
Place of publication, distribution, etc. New Delhi :
Name of publisher, distributor, etc. Academic Foundation,
Date of publication, distribution, etc. 2006.
300 ## - PHYSICAL DESCRIPTION
Extent 570 p. :
Other physical details ill. ;
Dimensions 25 cm.
500 ## - GENERAL NOTE
General note "Published in association with the Indira Gandhi Memorial Trust, New Delhi"--T. p. verso.
504 ## - BIBLIOGRAPHY, ETC. NOTE
Bibliography, etc Includes bibliographical references and index.
651 #0 - SUBJECT ADDED ENTRY--GEOGRAPHIC NAME
Geographic name India
General subdivision History
Chronological subdivision 1947-
Form subdivision Congresses.
700 1# - ADDED ENTRY--PERSONAL NAME
Personal name Malhoutra, Manmohan.
710 2# - ADDED ENTRY--CORPORATE NAME
Corporate name or jurisdiction name as entry element Indira Gandhi Memorial Trust.
856 42 - ELECTRONIC LOCATION AND ACCESS
Materials specified Contributor biographical information
Uniform Resource Identifier <a href="http://www.loc.gov/catdir/enhancements/fy0707/2007343172-b.html">http://www.loc.gov/catdir/enhancements/fy0707/2007343172-b.html</a>
856 42 - ELECTRONIC LOCATION AND ACCESS
Materials specified Publisher description
Uniform Resource Identifier <a href="http://www.loc.gov/catdir/enhancements/fy0707/2007343172-d.html">http://www.loc.gov/catdir/enhancements/fy0707/2007343172-d.html</a>
906 ## - LOCAL DATA ELEMENT F, LDF (RLIN)
a 7
b cbc
c origode
d 3
e ncip
f 20
g y-gencatlg
942 ## - ADDED ENTRY ELEMENTS (KOHA)
Source of classification or shelving scheme Dewey Decimal Classification
Koha item type Books
Holdings
Withdrawn status Lost status Source of classification or shelving scheme Damaged status Not for loan Home library Current library Date acquired Total Checkouts Full call number Barcode Date last seen Price effective from Koha item type
    Dewey Decimal Classification     County Hall Archives County Hall Archives 06/19/2023   303.49 MAL 10000062 06/19/2023 06/19/2023 Books
LIBRARY OPENING HOURS

When the Parliament is sitting: 8.00a.m - 7.00p.m or until the house adjourns
Mondays and Fridays and when the House is on Recess:  8.00a.m - 5.00p.m
Closed on Weekends and Public Holidays

Online Public Access Catalog (OPAC)
Website: http://www.parliament.go.ke
Bunge Library: https://libraryir.parliament.go.ke
Contact: library@parliament.go.ke | Tel no: (254-2)2221291 or 2848000 Ext 5043